000 00578nam a2200181Ia 4500
008 230714s9999 xx 000 0 und d
020 _a9790000000000
041 _aeng
082 _a006.31
_bGER
100 _aGeron A.
245 _aHands-On Machine Learning With Scikit-Learn, Keras And TensorFlow
_bConcepts, Tools, And Techniques To Build Intelligent Systems
250 _a2nd ed.
260 _c2019
_bSPD / O'reilly
300 _a819
_dRef 1607 C (61931)
365 _cRs.
_b2475.00
700 _aGeron A.
906 _dO:0738931-Jan-2022B:02824-Jan-2022
_cBCOMP
_b1237.5
999 _c227838
_d227838